[Event "Montreal CC-ch"]
[Site "Montreal"]
[Date "2019.06.07"]
[Round "1"]
[White "Zheng, Richard"]
[Black "Sonn, Eric"]
[Result "1-0"]
[WhiteElo "1993"]
[BlackElo "1123"]
[PlyCount "45"]
[EventDate "2019.06.07"]
[EventType "swiss"]
[EventRounds "5"]
[EventCountry "CAN"]
[SourceTitle "EXT 2020"]
[Source "ChessBase"]
[SourceDate "2019.10.17"]
[SourceVersion "1"]
[SourceVersionDate "2019.10.17"]
[SourceQuality "1"]

1. b3 e5 2. Bb2 d6 3. e3 f5 4. d4 Nd7 5. dxe5 Nxe5 6. Nf3 Qe7 7. Be2 Nf6 8. c4 Nxf3+ 9. Bxf3 g6 10. 0-0 Bg7 11. Nc3 c6 12. Qc2 0-0 13. Rad1 Be6 14. Rd2 Rad8 15. Rfd1 Rd7 16. a4 a5 17. Ne2 Rfd8 18. Bc3 Ne4 19. Bxe4 Bxc3 20. Nxc3 fxe4 21. Qxe4 Qf6 22. Qd4 Qg5 23. Ne4 1-0

[Event "Montreal Transcontinental ABCDEFG"]
[Site "Montreal"]
[Date "2016.12.09"]
[Round "1"]
[White "Sonn, Eric"]
[Black "Richard, Leo"]
[Result "1/2-1/2"]
[WhiteElo "1565"]
[BlackElo "1578"]
[PlyCount "74"]
[EventDate "2016.12.09"]
[EventType "swiss"]
[EventRounds "5"]
[EventCountry "CAN"]
[SourceTitle "EXT 2022"]
[Source "ChessBase"]
[SourceDate "2021.10.06"]
[SourceVersion "1"]
[SourceVersionDate "2021.10.06"]
[SourceQuality "1"]

1. e4 c5 2. Nf3 Nc6 3. d4 cxd4 4. Nxd4 g6 5. Nc3 Bg7 6. Be3 Nf6 7. Be2 0-0 8. 0-0 d6 9. h4 h5 10. Rb1 Bd7 11. Qd2 a6 12. a4 Rc8 13. Rfd1 Nxd4 14. Bxd4 Qa5 15. Nd5 Qxd2 16. Nxe7+ Kh7 17. Rxd2 Rce8 18. Bxf6 Bxf6 19. Nd5 Bxh4 20. Bf3 Bxa4 21. Nb6 Bc6 22. Rxd6 Bxe4 23. Bxe4 Rxe4 24. g3 Bd8 25. Nd7 Rfe8 26. Nf6+ Bxf6 27. Rxf6 R8e7 28. Kg2 Kg7 29. Rb6 Rd4 30. b4 Rd2 31. c4 Rc2 32. c5 Rc7 33. Rb3 Kh6 34. Rf3 Rb2 35. Ra3 Kg5 36. Rf3 Rb1 37. Rd3 Rb2 1/2-1/2

[Event "Montreal CC-ch"]
[Site "Montreal"]
[Date "2013.06.14"]
[Round "1"]
[White "Tremblay, Alain"]
[Black "Sonn, Eric"]
[Result "1-0"]
[WhiteElo "2129"]
[BlackElo "1507"]
[PlyCount "45"]
[EventDate "2013.06.14"]
[EventType "swiss"]
[EventRounds "5"]
[EventCountry "CAN"]
[SourceTitle "EXT 2022"]
[Source "ChessBase"]
[SourceDate "2021.10.06"]
[SourceVersion "1"]
[SourceVersionDate "2021.10.06"]
[SourceQuality "1"]

1. e4 d6 2. d4 Nf6 3. Nc3 c6 4. Bd3 e5 5. dxe5 dxe5 6. Nf3 Nbd7 7. Ne2 Qc7 8. Ng3 Nc5 9. 0-0 Be7 10. h3 0-0 11. Be3 a5 12. Qe2 Re8 13. Rfd1 b6 14. a3 a4 15. Bd2 g6 16. Bc3 Nxd3 17. Rxd3 Bc5 18. Qe1 Ba6 19. Rdd1 Bf8 20. Qe3 Nd7 21. h4 Bc5 22. Qh6 Bf8 23. Qe3 1-0

[Event "Gatineau TORO U1900"]
[Site "Gatineau"]
[Date "2013.06.09"]
[Round "5"]
[White "Vlasenko, Konstantin"]
[Black "Sonn, Eric"]
[Result "1-0"]
[WhiteElo "1647"]
[BlackElo "1499"]
[PlyCount "85"]
[EventDate "2013.06.07"]
[EventType "swiss"]
[EventRounds "5"]
[EventCountry "CAN"]
[SourceTitle "EXT 2022"]
[Source "ChessBase"]
[SourceDate "2021.10.06"]
[SourceVersion "1"]
[SourceVersionDate "2021.10.06"]
[SourceQuality "1"]

1. d4 Nf6 2. c4 g6 3. Nc3 Bg7 4. Bg5 d5 5. cxd5 Nxd5 6. e4 Nxc3 7. bxc3 c5 8. Nf3 Nc6 9. Bb5 0-0 10. Bxc6 bxc6 11. 0-0 cxd4 12. cxd4 Bg4 13. Be3 e5 14. dxe5 Bxf3 15. Qxf3 Bxe5 16. Rfd1 Qa5 17. Bd4 Rac8 18. Bxe5 Qxe5 19. Rab1 Rfe8 20. Rd7 Re7 21. Rxe7 Qxe7 22. Qg4 Qe8 23. h3 c5 24. a4 c4 25. a5 c3 26. Qe2 Qa4 27. a6 c2 28. Rc1 Qb3 29. Qg4 Rd8 30. Kh2 Rd1 31. Qc8+ Kg7 32. Qxc2 Qb8+ 33. g3 Rxc1 34. Qxc1 Qb6 35. Qf1 Kf6 36. f4 Qd4 37. e5+ Ke6 38. Qe2 h5 39. Qa2+ Ke7 40. Qa3+ Ke6 41. Qb3+ Qd5 42. Qc2 Qf3 43. Qc8+ 1-0

[Event "Montreal Juste pour jouer"]
[Site "Montreal"]
[Date "2012.10.08"]
[Round "6"]
[White "Dubois, Lorraine"]
[Black "Sonn, Eric"]
[Result "0-1"]
[WhiteElo "1090"]
[BlackElo "1543"]
[PlyCount "78"]
[EventDate "2012.10.05"]
[EventType "swiss"]
[EventRounds "7"]
[EventCountry "CAN"]
[SourceTitle "EXT 2022"]
[Source "ChessBase"]
[SourceDate "2021.10.06"]
[SourceVersion "1"]
[SourceVersionDate "2021.10.06"]
[SourceQuality "1"]

1. d4 d6 2. c4 Nf6 3. Nc3 g6 4. e4 Bg7 5. Nf3 0-0 6. Be2 e5 7. 0-0 Nc6 8. Rb1 Bg4 9. d5 Ne7 10. b4 Nd7 11. a4 f5 12. h3 fxe4 13. Nxe4 Bf5 14. Bd3 Nf6 15. Nxf6+ Bxf6 16. Bxf5 gxf5 17. Bg5 Ng6 18. Bxf6 Qxf6 19. Qd2 f4 20. Rfc1 Nh4 21. Nxh4 Qxh4 22. c5 f3 23. Qe3 Rf6 24. cxd6 cxd6 25. Rc7 Raf8 26. Rbc1 Rg6 27. Rc8 Qxh3 28. Rxf8+ Kxf8 29. Rc8+ Qxc8 30. Qxf3+ Kg7 31. g3 Qg4 32. Qc3 Qd1+ 33. Kg2 Qxd5+ 34. Kg1 Rh6 35. Qc7+ Qf7 36. Qc1 Rg6 37. Kf1 Rxg3 38. Qd2 Rg6 39. Qxd6 Rxd6 0-1

[Event "Montreal Mercredi 08"]
[Site "Montreal"]
[Date "2012.09.05"]
[Round "2"]
[White "Sonn, Eric"]
[Black "O'Connor, Michael"]
[Result "0-1"]
[WhiteElo "1566"]
[BlackElo "1619"]
[PlyCount "56"]
[EventDate "2012.08.29"]
[EventType "swiss"]
[EventRounds "5"]
[EventCountry "CAN"]
[SourceTitle "EXT 2022"]
[Source "ChessBase"]
[SourceDate "2021.10.06"]
[SourceVersion "1"]
[SourceVersionDate "2021.10.06"]
[SourceQuality "1"]

1. e4 c5 2. Nf3 Nc6 3. d4 cxd4 4. Nxd4 Nf6 5. Nc3 e5 6. Ndb5 d6 7. Bg5 a6 8. Na3 b5 9. Nd5 Be7 10. Bxf6 Bxf6 11. c4 b4 12. Nc2 a5 13. Qh5 0-0 14. Nce3 Bg5 15. h4 Bxe3 16. Nxe3 Nd4 17. Bd3 Ne6 18. g3 Nd4 19. Nd5 Be6 20. 0-0-0 Rc8 21. f4 f5 22. g4 Bxd5 23. exd5 e4 24. Bf1 Qb6 25. Qg5 Nf3 26. Qh5 Qe3+ 27. Kb1 Qxf4 28. b3 fxg4 0-1

[Event "Quebec op"]
[Site "Montreal"]
[Date "2011.07.23"]
[Round "1.39"]
[White "Sonn, Eric"]
[Black "Dumont, Felix"]
[Result "0-1"]
[WhiteElo "1577"]
[BlackElo "2007"]
[PlyCount "52"]
[EventDate "2011.07.23"]
[EventType "swiss"]
[EventRounds "9"]
[EventCountry "CAN"]
[SourceTitle "EXT 2022"]
[Source "ChessBase"]
[SourceDate "2021.10.06"]
[SourceVersion "1"]
[SourceVersionDate "2021.10.06"]
[SourceQuality "1"]

1. e4 c5 2. Nf3 d6 3. d4 cxd4 4. Nxd4 Nf6 5. Nc3 Nc6 6. Be3 e5 7. Nf3 h6 8. Bd3 Be6 9. 0-0 Be7 10. a3 0-0 11. b4 Ng4 12. Bd2 Nf6 13. Qe2 Rc8 14. Rfd1 Bg4 15. Be3 Re8 16. Rac1 Bf8 17. Bc4 a6 18. b5 Na5 19. Bxf7+ Kxf7 20. Na4 Bxf3 21. Qxf3 axb5 22. Bb6 Qd7 23. Bxa5 bxa4 24. c4 Qc6 25. Rd5 Kg8 26. Rb5 Qxb5 0-1

[Event "Montreal Mercredi 05"]
[Site "Montreal"]
[Date "2011.06.15"]
[Round "5"]
[White "Sonn, Eric"]
[Black "Gauthier, Luc"]
[Result "1/2-1/2"]
[WhiteElo "1621"]
[BlackElo "1717"]
[PlyCount "36"]
[EventDate "2011.05.18"]
[EventType "swiss"]
[EventRounds "5"]
[EventCountry "CAN"]
[SourceTitle "EXT 2022"]
[Source "ChessBase"]
[SourceDate "2021.10.06"]
[SourceVersion "1"]
[SourceVersionDate "2021.10.06"]
[SourceQuality "1"]

1. e4 Nf6 2. e5 Nd5 3. d4 d6 4. c4 Nb6 5. exd6 exd6 6. Nf3 Bg4 7. b3 Be7 8. Bd3 Bf6 9. Bb2 c5 10. Qe2+ Qe7 11. Qxe7+ Kxe7 12. Nbd2 Nc6 13. h3 Bxf3 14. Nxf3 Rhe8 15. 0-0-0 Kf8 16. dxc5 Bxb2+ 17. Kxb2 dxc5 18. Rhe1 h6 1/2-1/2